00508nam a2200145 i 450000100060000000300090000600500170001500700030003200800410003510000200007624501420009626000660023830000360030485200220034037867ES-MaACL20230906155645.0t|030224s1899 fr ||||1| fre d1 aCagnat, René.10aCours d'epigraphie latine / cdeuxième édition euthièrement refondice et accompagnée de planches et de figures par René Cagnat. aParis : b[s.n., c1899] (eChatillon sur Seine : fM. Pepin) aXXVI, 436 p. : bil. ; c25 cm. aES-MaACLjF-11773